|
|
|
|
| LEADER |
00000nam0a2200000 4500 |
| 001 |
170033 |
| 005 |
20231101222849.0 |
| 010 |
|
|
|a 9785382001180
|
| 035 |
|
|
|a (RuTPU)RU\TPU\book\184403
|
| 090 |
|
|
|a 170033
|
| 100 |
|
|
|a 20091119d2007 km y0rusy50 ca
|
| 101 |
0 |
|
|a rus
|
| 102 |
|
|
|a RU
|
| 105 |
|
|
|a a z 001zy
|
| 200 |
1 |
|
|a Игра на бирже
|f В. А. Дараган
|
| 205 |
|
|
|a 6-е изд.
|
| 210 |
|
|
|a Москва
|c Изд-во ЛКИ
|d 2007
|
| 215 |
|
|
|a 232 с.
|c ил.
|
| 320 |
|
|
|a Библиогр.: с. 227-229.
|
| 330 |
|
|
|a В настоящем издании популярно изложены основные принципы, правила и детали биржевой игры, знание которых позволяет получить максимальную прибыль при наименьшем риске. Книга предназначена для широкого круга читателей, желающих ознакомиться с оптимальной стратегией и тактикой инвестирования капитала в акции, а также с ведением биржевой игры через глобальные компьютерные сети.
|
| 606 |
1 |
|
|a Биржевая игра
|2 stltpush
|3 (RuTPU)RU\TPU\subj\28802
|9 52284
|
| 610 |
1 |
|
|a финансы
|
| 610 |
1 |
|
|a акции
|
| 610 |
1 |
|
|a биржи
|
| 610 |
1 |
|
|a казино
|
| 610 |
1 |
|
|a трейдинг
|
| 610 |
1 |
|
|a инвестиционные фонды
|
| 610 |
1 |
|
|a брокеры
|
| 610 |
1 |
|
|a биржевой курс
|
| 610 |
1 |
|
|a теория вероятностей
|
| 610 |
1 |
|
|a индексы
|
| 610 |
1 |
|
|a инвестирование
|
| 610 |
1 |
|
|a дивиденды
|
| 610 |
1 |
|
|a прибыль
|
| 610 |
1 |
|
|a инвестиционные стратегии
|
| 610 |
1 |
|
|a технический анализ
|
| 610 |
1 |
|
|a биржевые игры
|
| 686 |
|
|
|a У9(2)262.293
|v LBC/SL-A
|2 rubbk
|
| 700 |
|
1 |
|a Дараган
|b В. А.
|g Владимир Александрович
|
| 801 |
|
1 |
|a RU
|b 63413507
|c 20091119
|
| 801 |
|
2 |
|a RU
|b 63413507
|c 20210316
|g RCR
|
| 942 |
|
|
|c BK
|